000 01183nam a2200289 i 4500
003 EG-GICUC
005 20260212202121.0
008 260212s19861406ua ||||fr|||| 00| 0 ara d
040 _a EG-GICUC
_bara
_c EG-GICUC
_d EG-GICUC
_erda
041 _aara
082 0 4 _221
_a343.91
_bم ر . ت
092 0 4 _221
099 _aLaw1 10 343.91 م ر . ت 1986
110 1 _aالمركز العربي للدراسات الأمنية و التدريب بالرياض
_eمؤلف.
245 1 2 _aالتشريع الجنائي الاسلامي /
_cالمركز العربي للدراسات الأمنية و التدريب بالرياض.
264 1 _aالرياض :
_bالمركز العربي للدراسات الأمنية و التدريب بالرياض،
_c1986.
300 _a77 صفحة ;
_c24 سم.
336 _2rda content
_atext
337 _2rda media
_aComputer
338 _2rda carrier
_aOnline Resource
546 _aالنص باللغة العربية
650 1 _aالقانون الجنائي
650 1 _aالنظام الجنائي الإسلامي
856 4 0 _uhttps://fll.law.cu.edu.eg/fulltext/bks/B10-08283.pdf
905 _a43
942 _2ddc
_n0
_cBK
_e21
999 _c62982
_d62982